<?xml version="1.0" encoding="UTF-8"?>
<record
    xmlns:xsi="http://www.w3.org/2001/XMLSchema-instance"
    xsi:schemaLocation="http://www.loc.gov/MARC21/slim http://www.loc.gov/standards/marcxml/schema/MARC21slim.xsd"
    xmlns="http://www.loc.gov/MARC21/slim">

  <leader>00884nam a22002417a 4500</leader>
  <controlfield tag="005">20250429101512.0</controlfield>
  <controlfield tag="008">250429b        |||||||| |||| 00| 0 eng d</controlfield>
  <datafield tag="020" ind1=" " ind2=" ">
    <subfield code="a">9788180547294</subfield>
  </datafield>
  <datafield tag="040" ind1=" " ind2=" ">
    <subfield code="c">AIMIT LIBRARY</subfield>
  </datafield>
  <datafield tag="082" ind1=" " ind2=" ">
    <subfield code="2">1</subfield>
    <subfield code="a">651.7</subfield>
    <subfield code="b">PALR</subfield>
  </datafield>
  <datafield tag="100" ind1=" " ind2=" ">
    <subfield code="a">Pal, Rajendra.</subfield>
    <subfield code="9">209026</subfield>
  </datafield>
  <datafield tag="245" ind1=" " ind2=" ">
    <subfield code="a">Essentials of business communication /</subfield>
    <subfield code="b">Pal, Rajendra and Korlahalli, J.S.</subfield>
  </datafield>
  <datafield tag="250" ind1=" " ind2=" ">
    <subfield code="a">1st ed.</subfield>
  </datafield>
  <datafield tag="260" ind1=" " ind2=" ">
    <subfield code="a">New Delhi :</subfield>
    <subfield code="b">Sultan Chand and Sons ,</subfield>
    <subfield code="c">2021.</subfield>
  </datafield>
  <datafield tag="300" ind1=" " ind2=" ">
    <subfield code="a">xxii,EC126,EE90,BC174,ER26,ID26,WC92,PW20,EL42,QP106</subfield>
    <subfield code="b">PB</subfield>
    <subfield code="c">25cm.</subfield>
  </datafield>
  <datafield tag="650" ind1=" " ind2=" ">
    <subfield code="a">Business correspondence</subfield>
    <subfield code="9">209027</subfield>
  </datafield>
  <datafield tag="650" ind1=" " ind2=" ">
    <subfield code="a">Other forms of written communication</subfield>
    <subfield code="9">209028</subfield>
  </datafield>
  <datafield tag="650" ind1=" " ind2=" ">
    <subfield code="a">Oral and other forms of communication</subfield>
    <subfield code="9">209029</subfield>
  </datafield>
  <datafield tag="650" ind1=" " ind2=" ">
    <subfield code="a">Credit and status enquiries</subfield>
    <subfield code="9">209030</subfield>
  </datafield>
  <datafield tag="650" ind1=" " ind2=" ">
    <subfield code="a">Job application letters and resumes</subfield>
    <subfield code="9">209031</subfield>
  </datafield>
  <datafield tag="700" ind1=" " ind2=" ">
    <subfield code="a">Korlahalli, J.S.</subfield>
    <subfield code="9">209032</subfield>
  </datafield>
  <datafield tag="942" ind1=" " ind2=" ">
    <subfield code="2">ddc</subfield>
    <subfield code="c">BK</subfield>
    <subfield code="k">651.7 PALR</subfield>
  </datafield>
  <datafield tag="999" ind1=" " ind2=" ">
    <subfield code="c">234262</subfield>
    <subfield code="d">234262</subfield>
  </datafield>
  <datafield tag="952" ind1=" " ind2=" ">
    <subfield code="0">0</subfield>
    <subfield code="1">0</subfield>
    <subfield code="2">ddc</subfield>
    <subfield code="4">0</subfield>
    <subfield code="7">0</subfield>
    <subfield code="8">MBA</subfield>
    <subfield code="a">AIMIT</subfield>
    <subfield code="b">AIMIT</subfield>
    <subfield code="c">BC</subfield>
    <subfield code="d">2025-03-14</subfield>
    <subfield code="e">Biblios Book Point</subfield>
    <subfield code="g">595.00</subfield>
    <subfield code="i">Bill.no:7467; Bill.dt:2025/03/11</subfield>
    <subfield code="l">0</subfield>
    <subfield code="o">651.7 PALR</subfield>
    <subfield code="p">MBA15030</subfield>
    <subfield code="r">2026-05-23 00:00:00</subfield>
    <subfield code="v">505.75</subfield>
    <subfield code="w">2025-04-29</subfield>
    <subfield code="y">BK</subfield>
  </datafield>
  <datafield tag="952" ind1=" " ind2=" ">
    <subfield code="0">0</subfield>
    <subfield code="1">0</subfield>
    <subfield code="2">ddc</subfield>
    <subfield code="4">0</subfield>
    <subfield code="7">0</subfield>
    <subfield code="8">MBA</subfield>
    <subfield code="a">AIMIT</subfield>
    <subfield code="b">AIMIT</subfield>
    <subfield code="c">BC</subfield>
    <subfield code="d">2025-03-14</subfield>
    <subfield code="e">Biblios Book Point</subfield>
    <subfield code="g">595.00</subfield>
    <subfield code="i">Bill.no:7467; Bill.dt:2025/03/11</subfield>
    <subfield code="l">0</subfield>
    <subfield code="o">651.7 PALR</subfield>
    <subfield code="p">MBA15031</subfield>
    <subfield code="r">2026-05-23 00:00:00</subfield>
    <subfield code="v">505.75</subfield>
    <subfield code="w">2025-04-29</subfield>
    <subfield code="y">BK</subfield>
  </datafield>
</record>
